000 00584nmm a2200193Ia 4500
008 251105s9999||||xx |||||||||||||||||und||
020 _a9788499401522
041 _aspa
100 _aSanfeliu, Isabel
245 0 _aMigración, racismo y poder :
_b El narcisismo de las pequeñas diferencias
264 _a[Madrid, España] :
_bBiblioteca Nueva,
_c2010
300 _a208 páginas
490 _aImago
650 _aEmigration and immigration
700 _aSanfeliu, Isabel
700 1 _a Varona, Jesús
856 _uhttps://public.digitaliapublishing.com/a/9118
942 _cCF
999 _c71110
_d71110